00485cam a2200157 i 45000010009000000050017000090080041000260200018000670400028000850820019001131000018001322450105001502600044002553000014002996500014003131751558020240213053708.0120831s2012 ii b 001 0 eng  a9788173049729 aDLCbengcDLCerdadDLC 222a306.bTRI.1 aSingh, K. S.,10aTribal movements in India :bvisions of Dr. K.S. Singh /cedited by Kamal K. Misra, G. Jayaprakasan. aNew Delhi :bManohar publication,c1982 axvi, 414. 0aEthnicity